Normal view
MARC view
- Dr Sohail Muhammad Qureshi
Entry Personal Name
001 - CONTROL NUMBER
- control field: 50994
003 - CONTROL NUMBER IDENTIFIER
- control field: NUST
005 - DATE AND TIME OF LATEST TRANSACTION
- control field: 20210314134848.0
008 - FIXED-LENGTH DATA ELEMENTS
- fixed length control field: 210314|| aca||aabn | a|a d
040 ## - CATALOGING SOURCE
- Original cataloging agency: NUST
- Transcribing agency: NUST
100 ## - HEADING--PERSONAL NAME
- Personal name: Dr Sohail Muhammad Qureshi
670 ## - SOURCE DATA FOUND
- Source citation: Work cat.: (NUST): Zia 47929, Preliminary design and comparison of 2D/3D dynamic response of six story shear building , 1997.
